Historia de las Instituciones sociales de la España Goda / (Record no. 161905)

MARC details
000 -LEADER
campo de control de longitud fija 00929nam a22002175i 4500
001 - NÚMERO DE CONTROL
campo de control 161905
003 - IDENTIFICADOR DE NÚMERO DE CONTROL
campo de control ES-MaACL
005 - FECHA Y HORA DE LA ÚLTIMA TRANSACCIÓN
campo de control 20250707203636.0
008 - DATOS DE LONGITUD FIJA--INFORMACIÓN GENERAL
campo de control de longitud fija 990216s1896 sp |||| | spa d
040 ## - FUENTE DE CATALOGACIÓN
Centro catalogador/agencia de origen CCPB | B
Lengua de catalogación spa
Centro/agencia transcriptor CCPB | B
100 1# - ENTRADA PRINCIPAL--NOMBRE DE PERSONA
Nombre de persona Pérez Pujol, Eduardo.
9 (RLIN) 91101
245 10 - MENCIÓN DEL TÍTULO
Título Historia de las Instituciones sociales de la España Goda /
Mención de responsabilidad, etc. obra póstuma del excmo Sr. Eduardo Pérez Pujol ; con un prólogo de Vicente Santamaría de Paredes.
260 ## - PUBLICACIÓN, DISTRIBUCIÓN, ETC.
Lugar de publicación, distribución, etc. Valencia :
Nombre del editor, distribuidor, etc. [s.n.],
Fecha de publicación, distribución, etc. 1896 (
Fabricante Establecimiento tipográfico de F. Vives Mora)
300 ## - DESCRIPCIÓN FÍSICA
Extensión 4 v. ;
Dimensiones 25 cm.
597 ## - NOTA DE DESCRIPCIÓN FÍSICA
NOTA DE DESCRIPCIÓN FÍSICA Antep.
597 ## - NOTA DE DESCRIPCIÓN FÍSICA
NOTA DE DESCRIPCIÓN FÍSICA T.I. (XXIV, XXVI, 621 p.) -- T.II. (318 p.) -- T.III. (582 p.) -- T.IV. (568 p.)
651 #7 - PUNTO DE ACCESO ADICIONAL DE MATERIA--NOMBRE GEOGRÁFICO
Nombre geográfico España-
Subdivisión general Historia-
Subdivisión cronológica 0414-0711, Época visigoda
Fuente del encabezamiento o término
9 (RLIN) 162046
700 1# - ENTRADA AGREGADA--NOMBRE PERSONAL
Nombre de persona Santamaría de Paredes, Vicente,
Fechas asociadas al nombre 1853-1924
9 (RLIN) 103306
852 ## - LOCALIZACIÓN
Ubicación ES-MaACL
Número de control de estantería F-9637-40
Nota libre -- Enc. pasta
Holdings
Estatus retirado Estado de pérdida Estado de daño No para préstamo Colección Biblioteca de origen Biblioteca actual Ubicación en estantería Fecha de adquisición Total de préstamos Signatura topográfica completa Código de barras Visto por última vez Precio de reemplazo Tipo de ítem Koha
        Libros del s. XIX Biblioteca del Ateneo de Madrid Biblioteca del Ateneo de Madrid Sala Pecera Planta 2 17/01/2008   F-9637-40 1169598 23/02/2023 23/02/2023 Libro impreso antiguo